Informácie ako zdroj konkurenčnej výhody v medzinárodnom obchode diplomová práca

Guardado en:
Detalles Bibliográficos
Autor principal: Kosorín, Marek
Autor Corporativo: Obchodná fakulta EU. Katedra medzinárodného obchodu
Otros Autores: Hlušková, Tatiana, 1987-
Formato: Libro
Lenguaje:eslovaco
Publicado: Bratislava 2020
Etiquetas: Agregar Etiqueta
Sin Etiquetas, Sea el primero en etiquetar este registro!

MARC

LEADER 00000nbm a2200000 4500
001 0266421
005 20201008083359.3
041 0 |a slo 
044 |a SK 
245 1 0 |a Informácie ako zdroj konkurenčnej výhody v medzinárodnom obchode  |b diplomová práca  |c Marek Kosorín ; školiteľ: Tatiana Hlušková 
264 1 |a Bratislava  |c 2020 
300 |a 76 s. 
100 1 |a Kosorín, Marek 
700 1 |a Hlušková, Tatiana, 1987- 
710 2 |a Obchodná fakulta EU. Katedra medzinárodného obchodu